L'economie sociale

Αποθηκεύτηκε σε:
Λεπτομέρειες βιβλιογραφικής εγγραφής
Κύριος συγγραφέας: Vienney, Claude
Μορφή: Βιβλίο
Γλώσσα:French
Δημοσίευση: Paris : La Decouverte, 1994.
Θέματα:
Ετικέτες: Προσθήκη ετικέτας
Δεν υπάρχουν, Καταχωρήστε ετικέτα πρώτοι!

MARC

LEADER 00000cam a2200000 i 4500
001 1/47788
008 980122s1994 fr | ||| |||| ||fre||
020 |a 2707123374 
035 |l 10026560 
040 |a GR-MyUA  |b gre  |e AACR2 
041 0 |a fre 
082 0 |a 334.0944 
100 1 |a Vienney, Claude. 
245 1 0 |a L'economie sociale /   |c Claude Vienney.  
260 |a Paris :   |b La Decouverte,   |c 1994.  
300 |a 125 σ.  
504 |a Περιέχει βιβλιογραφικές αναφορές.  
650 0 0 |a Cooperative societies  |z France. 
650 0 0 |a Mutualism  |z France. 
767 0 8 |i Μεταφρασμένο ως:   |t Η κοινωνική οικονομία /  
852 |a INST  |b CHIOS  |e 19980122  |h 334.0944 VIE  |p 005200010067  |q 005200010067  |t BK  |y 0 
901 |a BIBL-1997-3 
909 |a Χ  |b 052535